Flags of Country Regions - Statistics

General Stats
  • This quiz has been taken 30 times
  • The average score is 16 of 28
Answer Stats
Picture Answer % Correct
Greenland
96%
California
92%
Faroe Islands
92%
Kurdistan
92%
Basque Country
79%
Quebec
79%
Tibet
79%
Bavaria
75%
Sardinia
75%
Transnistria
75%
Brittany
71%
Somaliland
71%
Zanzibar
71%
Flanders
67%
Sicily
67%
Azores
54%
Aragon
42%
Cornwall
42%
Friesland
42%
Normandy
38%
Lombardy
33%
Chechnya
29%
Occitania
29%
Asturias
25%
Cusco
13%
Ryukyu Islands
13%
Yucatan
13%
Muslim Mindanao
4%
No matching quizzes found
Score Distribution
Percent of People with Each Score
Percentile by Number Answered
Your Score History
You have not taken this quiz